000 00751cam a2200193 4500
001 WB3604-06
008 000000n2000 000 0 eng u
035 _a(Sirsi) u103785
245 _aRising returns for property
260 _c2000
490 _aEstates Gazette
_v(0003) 22 January 2000, 44(1)
520 _aAccording to IPD's December index property returns are still rising. The annualised total return for 1999 was 14.2%, 200 basis points more than the previous year. The star performer of 1999 was the industrial sector. Table.
590 _aWB
650 _aPROPERTY RETURNS
650 _aPERFORMANCE INDICES
650 _aIPD INDEX
690 _aPROPERTY-COMMERCIAL PROPERTY-COMMERCIAL PROPERTY FINANCE AND INVESTMENT
942 _n0
999 _c62321
_d62321